[Event "19th Delhi GM Open 2022"]
[Site "Delhi"]
[Date "2022.03.25"]
[Round "6.13"]
[White "Srihari L R"]
[Black "Krishna C R G"]
[Result "1/2-1/2"]
[WhiteElo "2400"]
[BlackElo "2466"]
[Annotator "TA"]
[PlyCount "60"]
[EventDate "2022.03.22"]
[EventType "swiss"]
[EventCountry "IND"]
[SourceTitle "playchess.com"]
[Source "ChessBase"]
[SourceQuality "1"]

{[%evp 16,60,34,33,21,18,20,18,25,28,25,16,22,26,20,13,20,10,16,0,0,0,0,0,0,0,0,0,0,0,0,0,0,0,0,0,0,0,0,0,0,0,0,0,0,0,0]} 1. Nf3 d5 2. d4 Nf6 3. c4 c6 4. Qb3 e6 5. Bg5 Nbd7 {[%cal Bb8d7,Bd7b6,Bb6d5][%mdl 32]} 6. Nc3 Be7 7. e3 O-O 8. Be2 dxc4 9. Qxc4 {[#]} c5 $146 {[%cal Bc6c5,Bc5d4][%mdl 32] D60: Queen's Gambit Declined: Classical: Unusual White 7th moves.} ({Predecessor:} 9... Nd5 10. Bxe7 Qxe7 11. O-O N5b6 12. Qd3 e5 13. Rfe1 Re8 14. e4 exd4 15. Nxd4 Ne5 16. Qg3 Ng6 17. Rad1 {½-½ (54) Iordachescu,V (2597)-Vajda,L (2547) Sovata 2018}) 10. O-O Nb6 11. Qb3 cxd4 12. Rfd1 Nfd5 13. Bxe7 Qxe7 14. Nxd5 Nxd5 15. Nxd4 {The position is equal.} b6 16. Nc6 Qd6 17. e4 Qxc6 18. exd5 exd5 19. Bf3 ({Don't go for} 19. Rxd5 $2 Be6 20. Bf3 Qc7 $19) 19... Be6 20. Bxd5 Bxd5 21. Qxd5 Qxd5 22. Rxd5 $11 {[%mdl 4096] Endgame KRR-KRR} Rfd8 23. Rad1 Rxd5 24. Rxd5 {KR-KR} Rc8 {[#] ( -> ...Rc1+)} 25. Kf1 Kf8 26. Ke2 Rc2+ 27. Rd2 Rc1 28. Rd7 Rc2+ 29. Rd2 Rc1 30. Rd7 Rc2+ {An even fight not without its subleties.  Weighted Error Value: White=0.03 (flawless) /Black=0.00 (flawless)} 1/2-1/2

[Event "19th Delhi GM Open 2022"]
[Site "Delhi"]
[Date "2022.03.25"]
[Round "6.14"]
[White "Das, Sayantan"]
[Black "Poormosavi, Seyed Kian"]
[Result "0-1"]
[WhiteElo "2459"]
[BlackElo "2229"]
[Annotator "TA"]
[PlyCount "70"]
[EventDate "2022.03.22"]
[EventType "swiss"]
[EventCountry "IND"]
[SourceTitle "playchess.com"]
[Source "ChessBase"]
[SourceQuality "1"]

{[%evp 9,70,8,0,5,8,-35,-39,-78,-78,-1489,-61,-47,71,-162,-144,-147,-156,-429,-158,-145,-143,-150,-138,-212,-206,-290,-161,-157,-76,-159,110,-608,-108,-595,-68,-285,-247,-270,498,-216,0,-309,-191,-201,-130,-142,347,-79,-76,-73,658,-122,-125,-162,-170,-219,518,-210,698,-216,677,-875,-412]} 1. e4 c6 2. d4 d5 3. e5 c5 4. dxc5 e6 5. Qg4 h5 6. Qg3 {B12: Caro-Kann: Advance Variation.} h4 7. Qg4 ({Of course not} 7. Bb5+ Bd7 8. Qb3 (8. Bxd7+ Nxd7 9. Qb3 Bxc5 $17) 8... Bxc5 $15) (7. Qc3 $1 $11 {should be considered.}) 7... Nh6 {[#]} 8. Qg5 $146 {Black is slightly better.} ({Predecessor:} 8. Qf4 Bxc5 9. Bd3 Nc6 10. a3 g5 11. Qxg5 Qxg5 12. Bxg5 Nxe5 13. Bxh4 Nxd3+ 14. cxd3 {1-0 (34) Indjic,A (2618)-Ostrovskiy,A (2425) Chess.com INT 2020}) 8... Qxg5 9. Bd2 {[%mdl 8192] [#]} (9. Bxg5 $17 Ng4 10. b4) 9... Qf4 $2 10. Bxf4 $15 Ng4 (10... Nc6 $15 {stays ahead.}) 11. Bg5 $2 (11. h3 $16 Nh6 12. c4) 11... Nxe5 12. h3 f6 $36 {[%mdl 2048] Keeping White busy.} 13. f4 (13. Be3 $17) 13... fxg5 $2 (13... Nec6 $19 {is more deadly.} 14. Nf3 fxg5 15. Nxg5 Bxc5) 14. fxe5 $17 Bxc5 15. Nf3 Nc6 16. c4 (16. Nbd2 $17 {was called for.}) 16... Nd4 $19 17. Nc3 (17. Nxd4 $142 Bxd4 18. Nc3) 17... Nxf3+ (17... Nc2+ $142 18. Kd2 Nxa1) 18. gxf3 d4 (18... O-O $142 19. cxd5 exd5 20. Nxd5 Rxf3) 19. Nb5 ({Better is} 19. Ne4 Bb4+ 20. Ke2) 19... Bd7 $2 (19... O-O $17 20. O-O-O Rxf3 21. Nxd4 Rf4) 20. Nxd4 $2 {[%mdl 8192]} Rc8 $2 (20... Bxd4 $19 21. O-O-O Bxe5) 21. b3 $2 {[%mdl 8192]} b6 $2 (21... Bxd4 $19 22. Rd1 Bxe5) 22. Ne2 $2 (22. O-O-O $15) 22... b5 23. Rc1 Bd6 $4 {[%mdl 8192]} 24. Rd1 $4 {[%mdl 8192]} (24. exd6 $18 bxc4 25. bxc4) 24... Bc5 $2 ({Stronger than} 24... Bxe5 25. Nd4) (24... Bb4+ $19 25. Kf2 bxc4) 25. Kd2 $2 {[%mdl 8192]} (25. Rc1 $1 $11 {and White is okay.}) 25... Ke7 {And now ...Bc6 would win.} 26. Nc3 bxc4 27. Bxc4 Bb5 $2 {[%mdl 8192] A strong pair of Bishops.} 28. Ke2 $2 ({White should try} 28. Nxb5 $18 {Threatens to win with Ke2.} Rhf8 29. Ke2) 28... Bxc4+ $17 29. bxc4 Bd4 $2 {[%mdl 8192]} 30. Ne4 $2 (30. Rxd4 $18 Rhd8 31. Rxd8 Rxd8 32. Rb1) 30... Rxc4 31. Rd2 {[#] Rhd1 is the strong threat.} Bxe5 32. Rhd1 (32. Rg1 {is a better defense.}) 32... g4 $4 {[%mdl 8192]} (32... Rc7 $19 {Strongly threatening ...Bf4.} 33. Kf2 Bf4) 33. hxg4 $4 {[%mdl 8192]} (33. Rd7+ $18 {was the only winning move.} Kf8 34. Rd8+ Kf7 35. Rxh8) 33... h3 $4 {[%mdl 8192]} (33... Rc7 $19 34. Rh1 Bf4) 34. Ke3 $4 {[%mdl 8192]} (34. Rd7+ $18 Kf8 35. Rd8+ Kf7 36. Rxh8) 34... h2 $4 {[%mdl 8192]} (34... Rc7 $19 35. Kf2 Bf4) 35. Nf2 $4 {[%mdl 8192]} (35. Rd7+ $18 Kf8 36. Rd8+ Kf7 37. Rxh8) 35... Bb8 {Weighted Error Value: White=2.27/Black=2.13} (35... Bf4+ $142 36. Ke2 Bxd2 37. Rxd2 h1=Q 38. Nxh1 Rxh1) 0-1

[Event "19th Delhi GM Open 2022"]
[Site "Delhi"]
[Date "2022.03.26"]
[Round "7.1"]
[White "Lalith Babu M R"]
[Black "Karthik Venkataraman"]
[Result "1/2-1/2"]
[WhiteElo "2563"]
[BlackElo "2485"]
[Annotator "TA"]
[PlyCount "76"]
[EventDate "2022.03.22"]
[EventType "swiss"]
[EventCountry "IND"]
[SourceTitle "playchess.com"]
[Source "ChessBase"]
[SourceQuality "1"]

{[%evp 18,76,0,0,7,14,5,0,2,14,8,0,8,0,18,25,18,34,22,24,41,45,51,0,0,0,12,0,0,0,66,75,74,73,110,81,106,112,104,37,59,10,19,6,11,5,3,3,6,8,8,0,10,0,0,0,0,0,0,0,0]} 1. d4 Nf6 2. c4 g6 3. Nc3 d5 4. cxd5 Nxd5 5. e4 Nxc3 6. bxc3 Bg7 7. Nf3 c5 8. h3 O-O 9. Be2 Nc6 10. Be3 cxd4 {D85: Exchange Grünfeld: Unusual White 7th moves and lines with 7 Nf3.} 11. cxd4 f5 12. O-O f4 13. Bc4+ Kh8 {[#] aiming for ...Na5.} 14. Bd2 Nxd4 15. Bc3 {[%cal Rc3d4]} Be6 16. Bxe6 Nxe6 17. Bxg7+ Nxg7 18. Qa4 Qe8 19. Qb4 {[%mdl 1024] White has compensation.} b6 20. Rac1 {[#]} (20. a4 $14) 20... Ne6 $146 ({Predecessor:} 20... Rd8 21. Ne5 Ne6 22. Qb2 Nd4 23. Rfd1 Qa4 24. Nc6 e5 25. Nxd8 Rxd8 26. Kh2 Kg7 {1-0 (37) Troff,K (2528)-Popilski,G (2552) Dallas 2016}) 21. Qb2+ Rf6 22. Ne5 h5 {Inhibits Ng4.} 23. Rfd1 $36 {[%mdl 2048] Nd7 is the strong threat. White fights for an advantage.} Kh7 (23... Nc5 $11) 24. Nd7 $1 $14 Rf7 25. Qb3 Nf8 26. Rc7 Rg7 27. Ne5 {White is much more active.} Rd8 28. Rdc1 ({Better is} 28. Rxa7 $16 {Threatens to win with Rxd8.} Rxd1+ 29. Qxd1) 28... Nd7 29. Nf3 (29. Nd3 $14 {is more appropriate.}) 29... Nc5 $11 {The position is equal.} 30. Ng5+ Kh6 31. R1xc5 {[%mdl 64] [#] Remove Defender, Decoy} bxc5 32. Ne6 Qg8 33. Nxd8 Qxd8 34. Rxc5 {KQR-KQR} Qd2 35. Qb8 Qe1+ 36. Kh2 {And now Qh8+ would win.} Qxf2 37. Qh8+ Rh7 38. Qf8+ Rg7 {Weighted Error Value: White=0.10 (very precise) /Black=0.10 (very precise)} 1/2-1/2

[Event "19th Delhi GM Open 2022"]
[Site "Delhi"]
[Date "2022.03.26"]
[Round "7.2"]
[White "Shyaamnikhil P"]
[Black "Erigaisi Arjun"]
[Result "0-1"]
[WhiteElo "2442"]
[BlackElo "2633"]
[Annotator "TA"]
[PlyCount "60"]
[EventDate "2022.03.22"]
[EventType "swiss"]
[EventCountry "IND"]
[SourceTitle "playchess.com"]
[Source "ChessBase"]
[SourceQuality "1"]

{[%evp 9,60,34,47,34,35,22,31,28,29,27,26,8,12,-15,8,-4,-3,-25,0,-25,-54,-77,-97,-145,-127,-134,-138,-139,-125,-174,-164,-168,-154,-240,-255,-422,-423,-399,-351,-395,-382,-516,-380,-372,-344,-457,-340,-341,-341,-494,-490,-511,-494]} 1. e4 e5 2. Nf3 Nc6 3. Bc4 Nf6 4. d3 h6 5. c3 d6 6. a4 {C55: Two Knights: 4 d3, 4 d4 exd4 5 e5 and Max Lange Attack.} g5 7. a5 Bg7 8. Nbd2 {White is slightly better.} O-O 9. h3 Ne7 {[#]} 10. Ba2 $146 ({Predecessor:} 10. Nf1 d5 11. exd5 Nfxd5 12. Ng3 Ng6 13. Nh5 Bh8 14. O-O Be6 15. Re1 c6 16. Qb3 {½-½ (62) Adhiban,B (2660)-Le,Q (2709) chess24.com INT 2021}) 10... Ng6 11. g3 {To avoid Nf4} d5 12. exd5 Nxd5 13. Ne4 c6 14. a6 (14. h4 $5 {[%cal Rh4g5]}) 14... b6 (14... b5 $5 {[%cal Rf7f5]}) 15. Nfxg5 hxg5 {Black continues to play with concentration.} 16. Qh5 (16. Nxg5 $142 Nge7 17. h4) 16... Nge7 $17 ({Don't play} 16... Bxa6 $6 17. Bxd5 (17. Nxg5 $2 Re8 $19) 17... Qxd5 18. Rxa6 $11) 17. Bxg5 {aiming for Bxd5.} f6 (17... Bxa6 $2 18. Bxd5 Nxd5 19. Bxd8 $18) 18. Bd2 Be6 {[%cal Bc8e6,Be6d5,Bd5e6,Be6f5][%mdl 32]} 19. Qe2 {[#]} (19. Rh2 $17) 19... Nc7 $1 $19 {Threatens to win with ...Bxa2.} 20. Bb1 Bd5 21. h4 (21. Rh2 $17 {was called for.}) 21... f5 22. h5 $2 (22. c4 Bf7 23. Ng5) 22... fxe4 23. dxe4 Be6 24. f4 Bh6 25. Be3 Qd7 26. f5 Bxe3 27. Qxe3 {[#]} Nxf5 28. exf5 Bxf5 29. Ba2+ (29. Qg5+ {was worth a try.} Qg7 30. Qxg7+ Kxg7 31. Bxf5 Rxf5 32. O-O-O) 29... Kh7 30. Rd1 Nd5 {Weighted Error Value: White=0.47/Black=0.13 (very precise)} 0-1

[Event "19th Delhi GM Open 2022"]
[Site "Delhi"]
[Date "2022.03.26"]
[Round "7.3"]
[White "Ponkratov, Pavel"]
[Black "Fawzy, Adham"]
[Result "1-0"]
[WhiteElo "2641"]
[BlackElo "2476"]
[Annotator "TA"]
[PlyCount "103"]
[EventDate "2022.03.22"]
[EventType "swiss"]
[EventCountry "IND"]
[SourceTitle "playchess.com"]
[Source "ChessBase"]
[SourceQuality "1"]

{[%evp 13,103,13,12,0,0,0,0,0,0,0,13,26,16,25,23,28,18,27,39,44,30,47,51,46,45,47,50,52,47,46,54,16,22,4,4,0,8,-20,-19,-25,-33,-24,-32,-16,0,0,0,-45,-71,-38,24,-98,-103,-159,-163,-171,-152,-164,16,18,131,112,125,125,112,122,122,122,122,131,128,127,147,106,189,183,249,229,293,156,538,524,474,448,547,525,519,461,1835,1742,2078,1484]} 1. e4 c5 2. Nf3 d6 3. d4 cxd4 4. Nxd4 Nf6 5. Nc3 a6 6. Be3 e5 7. Nf3 {[%cal Bd4f3,Bf3d2,Bd2c4][%mdl 32]} Be7 8. Nd2 {B90: Sicilian Najdorf: Unusual White 6th moves, 6 Be3 Ng4 and 6 Be3 e5.} b5 {To avoid Nc4} 9. a4 b4 10. Nd5 {The position is equal.} Nxd5 11. exd5 a5 12. Bb5+ Nd7 $1 13. Nc4 O-O {[#]} 14. O-O $146 ({Predecessor:} 14. Bc6 Ra6 15. O-O Qc7 16. Qe2 Bb7 17. Bb5 Nf6 18. Nxe5 Raa8 19. Nc4 Nxd5 20. Bd4 {1-0 (39) Safarli,E (2645)-Guliev,L (2409) Nakhchivan 2012}) 14... Qc7 15. Qe2 Rb8 16. Rfd1 f5 17. f3 Nf6 18. c3 f4 19. Bf2 bxc3 20. Rac1 (20. bxc3 Bf5 $15) 20... Bd8 21. Rxc3 {aiming for Qc2.} Qe7 22. Qc2 {[%cal Oc4d6]} (22. Nxd6 $5 Qxd6 23. Rc6 $14) 22... e4 23. Bh4 (23. Nxd6 Qxd6 24. Rc6 (24. Rxc8 $2 Rxc8 25. Qxc8 e3 $19) 24... Qe5 $17) (23. Nd2 {seems wilder.} e3 24. Rxc8 exf2+ 25. Kf1 Rxc8 26. Qxc8 Nxd5 27. Bc4) 23... Bf5 24. fxe4 Qxe4 25. Qxe4 (25. Qd2 {keeps more tension.} Bg4 26. Rf1 Qxd5 27. Rxf4 Qxd2 28. Nxd2 Bd7 29. Bxd7 Bb6+ 30. Bf2) 25... Nxe4 {[%mdl 64] Discovered Attack} 26. Bxd8 Nxc3 (26... Rbxd8 27. Rcd3 $14) (26... Rfxd8 27. Ra3 $14) 27. bxc3 Rbxd8 28. Nxa5 Bc2 29. Ra1 f3 {[%cal Bf4f3,Bf3f2][%mdl 32]} 30. Nc6 (30. gxf3 $11 Rxf3 31. Nc6) 30... f2+ $15 31. Kf1 Ra8 (31... Rde8 $15) 32. Nb4 (32. a5 $1 $11 {keeps the balance.}) 32... Be4 $17 33. Ra2 ({Better is} 33. a5) 33... Rac8 $1 34. Nc6 Rc7 {Prevents Ne7+.} 35. Rd2 Rf5 $2 ({Black should try} 35... Rb7 $19 {[%cal Ob7b5] White must now prevent ...Rxb5!} 36. Rd1 Rf6) 36. Rd4 $1 $11 Bxg2+ 37. Kxg2 $16 {Threatens to win with Bd3.} Rcf7 {Strongly threatening ...Rg5+.} 38. Rd1 $1 Rg5+ 39. Kh1 Rf4 40. Nd4 $1 (40. a5 Rfg4 41. Ne7+ Kf7) 40... Rfg4 {( -> ...Rg1+)} 41. Ne2 {Inhibits Rg1+.} Rxd5 {[#]} 42. Rf1 ({Much worse is} 42. Nd4 $6 Re5 43. Ne2 Rxe2 44. Bxe2 Re4 $11) 42... Rd2 43. h3 (43. Nd4 $142) 43... Rh4 {To avoid Bc4+} (43... Rg5 $16 {is a better defense.}) 44. Kg2 $18 ({Don't take} 44. Rxf2 $6 Rxh3+ 45. Kg2 Re3 $16) 44... g5 (44... Rh5 $142 45. Rxf2 Rc5) 45. Rxf2 h5 46. Ng1 (46. Rf5 $18) 46... Rd5 $2 (46... Rxf2+ $16 {is tougher.} 47. Kxf2 Rf4+ 48. Ke3 Kf7) 47. Nf3 {White is clearly winning.} Rf4 48. Nd4 {White threatens Bc4 and mate.} Rxf2+ 49. Kxf2 {Bc4 would kill now.} Rc5 {[#] To avoid Bc4+} 50. c4 {a5 is the strong threat.} ({Less strong is} 50. a5 Rxc3 51. a6 Ra3 $16) 50... Kf7 (50... Rc8 $142 51. Ke3 Ra8) 51. a5 {Hoping for a6.} Rc8 52. Bc6 {What a bad dream for Black.  Weighted Error Value: White=0.13 (very precise) /Black=0.37} 1-0

[Event "19th Delhi GM Open 2022"]
[Site "Delhi"]
[Date "2022.03.26"]
[Round "7.4"]
[White "Delgado Ramirez, Neuris"]
[Black "Mirzoev, Azer"]
[Result "1/2-1/2"]
[WhiteElo "2615"]
[BlackElo "2468"]
[Annotator "TA"]
[PlyCount "63"]
[EventDate "2022.03.22"]
[EventType "swiss"]
[EventCountry "IND"]
[SourceTitle "playchess.com"]
[Source "ChessBase"]
[SourceQuality "1"]

{[%evp 17,63,-4,1,0,0,-6,-11,-10,-8,-13,-14,-13,-10,-15,-14,-16,0,0,0,-18,-18,-22,-16,-20,-10,-10,-10,-10,-10,-10,-10,-10,-10,-10,-10,-10,-5,-5,-10,-16,-11,-11,-11,-84,535,-1437,-1321,-29984]} 1. e4 e5 2. Nf3 Nc6 3. d4 exd4 4. Nxd4 Nf6 5. Nxc6 bxc6 6. Bd3 d5 7. exd5 cxd5 8. O-O Be7 9. c4 O-O $1 {9...0-0 scores better than 9...d4.} 10. cxd5 {C45: Scotch Game.} Bb7 11. Qf3 Qxd5 12. Qxd5 {The position is equal.} Nxd5 13. Nc3 Nxc3 14. bxc3 Rfd8 15. Be2 Bf6 16. Bf4 Bxc3 17. Rac1 Bd2 {[#]} 18. Rxc7 $146 {[#]} ({Predecessor:} 18. Bxc7 Bxc1 19. Bxd8 Ba3 20. Rd1 h6 21. h3 Rc8 22. Ba5 Be4 23. Rd4 Bb1 24. Bc4 Bb2 25. Rd8+ {½-½ (25) Turtiainen,T (2016)-Ojanen,J (2042) Helsinki 2005}) 18... Bxg2 $1 19. Kxg2 Bxf4 20. Rb7 a5 21. Bc4 Rf8 22. Rd1 Rac8 23. Bb3 Rc7 24. Rxc7 Bxc7 $11 {[%mdl 4096] Endgame KRB-KRB} 25. Rd7 Bb6 26. Rb7 Bc5 27. Rc7 Bb4 28. Bd5 g6 29. Ra7 Kg7 30. Ra8 (30. h4 $11 {keeps the balance.}) 30... Rd8 $2 {[%mdl 8192] [#]} 31. Rb8 {[%mdl 8192]} Rxb8 $19 32. Ba8 {[%mdl 32768] Weighted Error Value: White=0.37/Black=0.39. An unexpected result.} 1/2-1/2

[Event "19th Delhi GM Open 2022"]
[Site "Delhi"]
[Date "2022.03.26"]
[Round "7.5"]
[White "Poormosavi, Seyed Kian"]
[Black "Sethuraman, S.P."]
[Result "1/2-1/2"]
[WhiteElo "2229"]
[BlackElo "2619"]
[Annotator "TA"]
[PlyCount "131"]
[EventDate "2022.03.22"]
[EventType "swiss"]
[EventCountry "IND"]
[SourceTitle "playchess.com"]
[Source "ChessBase"]
[SourceQuality "1"]

{[%evp 9,131,0,25,0,0,7,25,23,18,15,40,35,49,14,14,0,0,0,0,-27,-30,-33,-23,-32,-24,-29,-16,-19,-20,-20,-33,-35,-34,-29,0,0,0,-58,-47,-143,-124,-123,-59,-103,-100,-143,-83,-77,-59,-115,-121,-111,-110,-115,-93,-88,-104,-104,-102,-95,-87,-109,-112,-111,-107,-138,-133,-168,-85,-100,0,0,0,0,0,0,0,0,0,0,0,0,0,0,0,0,0,0,0,0,0,0,0,0,0,0,0,0,0,0,0,0,0,0,0,0,0,0,0,0,0,0,0,0,0,0,0,0,0,0,0,0,0,0]} 1. e4 c5 2. Nf3 d6 3. Bb5+ Nc6 4. Bxc6+ bxc6 5. e5 Bg4 6. O-O {B51: Sicilian: Moscow Variation (3 Bb5+) without 3...Bd7.} dxe5 7. h3 Bxf3 8. Qxf3 {White has an edge.} Qc7 {[#]} 9. d3 $146 {[%mdl 1024] White has compensation.} ({Predecessor:} 9. b3 Nf6 10. Bb2 Nd7 11. Re1 e6 12. Na3 Be7 13. Nc4 f6 14. Qg4 O-O 15. Qxe6+ {0-1 (58) Kantans,T (2345)-Macieja,B (2612) Warsaw 2011}) 9... Nf6 {[%cal Bg8f6,Bf6d5,Bd5b4][%mdl 32]} 10. Nd2 e6 11. Qg3 Nd5 12. Ne4 Nb4 13. c3 Nd5 14. f4 exf4 (14... f5 15. Ng5 $14) 15. Bxf4 Nxf4 16. Rxf4 O-O-O 17. Qf3 f6 18. Nd2 Rd5 19. Ra4 Bd6 20. Nc4 Rd8 {[%cal Od5d3]} 21. Rd1 Qd7 22. Ne3 Rg5 23. Qf2 (23. d4 $11) 23... Bb8 24. Nf1 (24. Kf1 $15) 24... Rd5 $1 $17 25. Qe2 Re5 (25... e5 $17 {[%cal Rd5d3]} 26. Qe4 f5) 26. Qg4 (26. Ne3 $15) 26... Kb7 27. d4 {[#]} (27. Qc4 $142) 27... Rg5 (27... f5 $142 $1 {[%cal Rf5g4]} 28. Qf3 h6) 28. Qe2 Qd6 29. Ra5 ({White should play} 29. Qc4 $15) 29... Ka8 ({Stronger than} 29... cxd4 30. Qa6+ Kc7 31. Rxg5 (31. Rxd4 Rd5 $15) 31... fxg5 32. Qa5+ Kb7 33. Rxd4 $11) 30. Qa6 Qc7 (30... cxd4 $2 31. Rxg5 c5 32. Qxd6 Rxd6 33. Rxc5 $18) ({Reject} 30... Qd5 $6 31. Rd2 $14) 31. Rd2 cxd4 (31... Rdd5 {is interesting.} 32. Rxc5 Rxc5 33. dxc5 Rxc5 34. Ne3 Ra5) 32. Rxg5 fxg5 33. Rxd4 Rxd4 34. cxd4 Qd7 35. Qc4 Bc7 36. Nd2 e5 37. Nb3 {[#]} exd4 $1 {And now ...d3 would win.} 38. Nc5 ({Don't blunder} 38. Nxd4 $2 Bb6 39. Kh1 Bxd4 $19) 38... Qd6 ({Black should try} 38... Qe8 $19 {Hoping for ...Qe1+.} 39. Nd3 h5) 39. b4 Bb6 ({Better is} 39... Qe7 $17 {Threatens to win with ...Qe1+.} 40. Kf1 Bd6 41. Qxd4 Qf7+ 42. Kg1 Qf4 43. Qxf4 gxf4) 40. Qg8+ $1 $11 {The position is equal.} Qd8 41. Qe6 Bxc5 42. Qxc6+ Kb8 {( -> ...Bb6)} 43. bxc5 {[%mdl 4096] Endgame KQ-KQ} d3 {Strongly threatening ...Qd4+.} 44. Qb5+ Kc7 45. Qa5+ Kc8 46. Qa6+ Kb8 47. Qb5+ Kc7 48. Qa5+ Kc8 49. Qa6+ Kb8 50. Qb5+ Kc7 {White must now prevent ...Qd4+.} 51. Qa5+ Kc8 52. Qa6+ Kb8 53. Qb5+ Kc7 54. Qa5+ Kd7 55. c6+ $1 Ke8 56. Qe5+ Qe7 57. Qb8+ Kf7 {...Qc5+ is the strong threat.} 58. c7 Qe1+ 59. Kh2 Qe5+ 60. Kh1 Qe1+ 61. Kh2 Qe5+ 62. Kh1 Qe1+ 63. Kh2 Qe5+ 64. Kh1 Qe1+ 65. Kh2 Qe5+ 66. Kh1 {Weighted Error Value: White=0.10 (very precise) /Black=0.08 (flawless)} 1/2-1/2

[Event "19th Delhi GM Open 2022"]
[Site "Delhi"]
[Date "2022.03.26"]
[Round "7.6"]
[White "Gukesh D"]
[Black "Tahbaz, Arash"]
[Result "1-0"]
[WhiteElo "2614"]
[BlackElo "2469"]
[Annotator "TA"]
[PlyCount "87"]
[EventDate "2022.03.22"]
[EventType "swiss"]
[EventCountry "IND"]
[SourceTitle "playchess.com"]
[Source "ChessBase"]
[SourceQuality "1"]

{[%evp 11,87,11,9,0,33,6,27,0,0,-30,11,4,43,41,88,81,108,91,88,45,66,85,47,0,0,0,-15,-16,-18,-16,-16,-16,-18,-22,-20,-15,0,-2,-22,-220,-227,-187,-65,-120,107,84,195,195,176,177,190,57,50,42,34,28,44,35,29967,29967,29969,29969,29969,29971,29971,29971,29969,29972,29979,29980,29980,29981,29981,29981,29980,29981,29997,29998]} 1. d4 Nf6 2. c4 e6 3. Nf3 d5 4. Nc3 Be7 5. Bf4 O-O 6. e3 Nbd7 7. c5 {D37: Queen's Gambit Declined: 5 Bf4.} Ne4 8. Qc2 f5 9. h4 {White has an edge.} c6 10. Be2 {[#]} Bf6 $146 (10... b6 $142) ({Predecessor:} 10... Qe8 11. Ne5 Bf6 12. Nxd7 Bxd7 13. f3 Nxc3 14. Qxc3 Rf7 15. Bd6 Qd8 16. h5 b6 {1-0 (42) Swiercz,D (2647)-Bruzon Batista,L (2645) Saint Louis 2021}) 11. g4 $11 Nxc3 12. bxc3 fxg4 (12... e5 $14 {should be considered.} 13. dxe5 fxg4) 13. Ng5 $16 Bxg5 14. hxg5 g6 {[%cal Oe6e5]} 15. Bxg4 {White is much more active. Black has bad knights.} ({Better is} 15. Bd3 $16 {[%cal Od3g6] Hoping for Bxg6!} Qe7 16. Rh6 (16. Bxg6 hxg6 17. Qxg6+ Qg7 $14) 16... Rxf4 17. exf4) 15... e5 $14 16. Be6+ (16. dxe5 Nxc5 17. Bxc8 Rxc8 $15) 16... Kg7 {[#]} 17. f3 $1 h5 $1 $36 {[%mdl 2048] Black has good play.} (17... exf4 $2 18. Rxh7+ $3 {[%mdl 512]} (18. Qh2 $2 h5 $19) 18... Kxh7 19. Qh2+ Kg7 20. Qh6#) 18. gxh6+ (18. dxe5 Nxc5 19. Bxc8 Rxc8 $17) 18... Kh7 19. Rg1 Qf6 20. Bxd7 exf4 21. Bxc8 Raxc8 22. e4 dxe4 23. fxe4 f3 {( -> ...f2+)} 24. O-O-O $1 Qf4+ 25. Rd2 $2 (25. Kb2 $11 {and White has nothing to worry.}) 25... g5 $1 $19 {[%mdl 1024] Black has strong compensation.} (25... f2 26. Rf1 $16) 26. e5+ Rf5 ({Black should play} 26... Kh8 $1 $19 {And now ...Rg8 would win.} 27. Kd1 (27. Qg6 Rg8 $17) 27... Rg8) 27. Kb2 $1 $15 g4 $2 (27... Kh8 $1 $17 {and life is bright. aiming for ...g4.} 28. Rf2 g4) 28. d5 $1 $16 f2 (28... Kh8 $16 29. d6 Rxe5) 29. Rf1 $18 {[%cal Rd2f2]} g3 30. e6 Qe5 (30... cxd5 $2 31. Rxd5 Kg6 32. e7 $18) (30... Kxh6 31. d6 Rg8 32. d7 $18) 31. d6 (31. e7 $1 $18 cxd5 32. Rfxf2 $1 {[%mdl 512]} (32. Re2 $2 Qf4 $19) 32... gxf2 33. Rxf2) 31... Qxe6 $14 {Threatens to win with ...Kh8.} 32. Re2 $1 Qd5 33. Rd1 {The board is on fire.} Qxc5 34. Re7+ Kg6 $2 {[%mdl 8192]} (34... Kxh6 35. Qd2+ Kg6 36. Re6+ Rf6 37. Qd3+ Qf5 38. Qxg3+ Qg5 39. Rxf6+ Kxf6 40. Qxf2+ Ke6 41. Qe2+ Kf7 42. Rf1+ Kg7 43. Qf2 Qb5+ 44. Ka1 Qxf1+ 45. Qxf1 $18) (34... Kh8 $14 35. d7 Rd8 36. Re8+ Kh7 37. Rxd8 f1=Q 38. Rh8+ (38. Rxf1 Qb5+ 39. Qb3 Qe2+ 40. Qc2 Qb5+ 41. Ka3 Qc5+ 42. Kb3 Qb5+ 43. Ka3 Qc5+ 44. Kb3 Qb5+ 45. Ka3 $11) 38... Kxh8 39. d8=Q+ (39. Rxf1 $2 Qb5+ 40. Ka3 Qa5+ 41. Kb3 Qb6+ 42. Ka3 Ra5+ 43. Qa4 Rxa4+ $19) 39... Rf8) 35. Qe4 {White mates.} Qb5+ 36. Kc2 f1=Q 37. Rxf1 Qxf1 38. Qg4+ Kxh6 39. Qh4+ Kg6 {[#]} 40. Qh7+ $1 Kg5 41. Rg7+ Kf4 42. Qh4+ Ke3 43. Rxg3+ Kf2 44. Qh2+ {Weighted Error Value: White=0.17 (very precise) /Black=0.32} 1-0